Normal view
MARC view
- الياور، علي عصام
Entry Personal Name
001 - CONTROL NUMBER
- control field: 61594
003 - CONTROL NUMBER IDENTIFIER
- control field: JO-AjAnu
005 - DATE AND TIME OF LATEST TRANSACTION
- control field: 20230606084050.0
008 - FIXED-LENGTH DATA ELEMENTS
- fixed length control field: 230606|| aca||aabn | a|a d
040 ## - CATALOGING SOURCE
- Original cataloging agency: JO-AjAnu
- Transcribing agency: JO-AjAnu
100 ## - HEADING--PERSONAL NAME
- Personal name: الياور، علي عصام
670 ## - SOURCE DATA FOUND
- Source citation: Work cat.: (JO-AjAnu)31417: الياور، علي عصام , author, الرقابة والتدقيق في المنظمات غير الحكومية